01397nam a2200241Ia 4500001000600000003000900006008004100015040001300056040001300069041001300082100001800095100002900113245006700142245007400209250001100283260001000294260003700304260004900341300005700390500065800447650001901105650003101124F2092IT-RoPAU130308s9999 xx 000 0 und d aIT-RoPAU cIT-RoPAU aITALIANO aCollotti Enzo gCodice Aut. SPICS: 7903 aMusica e politica: l'organizzazione musicale nel reich nazista bMusica nella Germania di Hitler 1933-1945 (La): L'Emigrazione Interna a1a ed. aLUCCA bLibreria Musicale Italiana (Lim) c1996 [1° Ed.:1996 - Ed.Ling.Originale:1996] a"42 p. (prefazione: no ; testo: 42 [pagine: 21-62])" aMusica in Germania: Elemento Educativo e carattere Associativo. Musica in Germania e Consenso. ricostruzione delle linee della Politica Culturale Delregime per la Musica di Fronte All'Intervento Diretto Dello Stato nell'organizzazione delle Attività Musicali. Analisi delle Riflessioni del Libro Mito del Xx Secolo di A. Rosenberg. Caratteri nazionali e Razziale della Musica tedesca e dei Suoi Teorizzatori. Epurazione degli Ebrei Dalla scena Musicale Tedesca. Creazione della Reichmusikkammer. razza e Musica: Analisi della relazione di Blume (1938). Ziegler e la Musica Degenerata, Atonalità. Brukner Considerato tra I padri della Musica Tedesca. aSAGGI MUSICALI eCodice materia Spics: 7011